| 000 | 00496nam a22001817a 4500 | ||
|---|---|---|---|
| 003 | OSt | ||
| 005 | 20140310181710.0 | ||
| 008 | 121207t xxu||||| |||| 00| 0 eng d | ||
| 020 | _a971118074X | ||
| 050 |
_aPN 2910 _b.R457 1993 |
||
| 082 |
_aFIL 808.801 _bR33 1989 |
||
| 100 | _aReyes, Manuel A. | ||
| 245 |
_aNotes on Philippine cinema / _cManuel A. Reyes. |
||
| 260 |
_aManila : _bDe La Salle University, _c1993. |
||
| 300 |
_a196 p. : _bill. ; _c21 cm. |
||
| 942 |
_2lcc _cBK |
||
| 999 |
_c1495 _d1495 |
||